000 00691nam a2200205Ia 4500
999 _c18184
_d18184
082 _aTB.0393
100 _aBiswas, Bibhuti Bhusan
245 0 _aPolitico-strategic dimensions of US-Bangladesh relations
260 _c2008
_bPondicherry University, Puducherry
300 _a260
504 _aincludes bibliography
650 _aUnited States
_vForeign relations
_vBangladesh
650 _aBangladesh
_vForeign relations
_vUnited States
650 _aBangladesh
_vPolitics and Government
650 _aUnited States
_vMilitary relations
_vBangladesh
650 _aBangladesh
_vMilitary relations
_vUnited States
650 _aBangladesh
_vHistory
710 _aJha, N. K.
942 _cTH
_2ddc